书目信息 |
| 题名: |
农业机械概论
|
|
| 作者: | ;天津农业机械制造学校农机教研组 编 | |
| 分册: | ||
| 出版信息: | 北京 中国工业出版社 1966 |
|
| 页数: | 165页 | |
| 开本: | 20cm | |
| 丛书名: | ||
| 单 册: | ||
| 中图分类: | S22 | |
| 科图分类: | ||
| 主题词: | 农业机械 , 中小农具 | |
| 电子资源: | ||
| ISBN: | ||
| 000 | 00720nam0 2200217 450 | |
| 001 | 0652794828 | |
| 005 | 20061123094352.84 | |
| 010 | @dCNY0.65 | |
| 091 | @aK15165.4452 | |
| 100 | @a20060911d1966 km y0chiy0120 ea | |
| 101 | 0 | @achi |
| 200 | 1 | @a农业机械概论@Anong ye ji xie gai lun@f天津农业机械制造学校农机教研组 编@Ftian jin nong ye ji xie zhi zao xue xiao nong ji jiao yan zu bian |
| 210 | @a北京@c中国工业出版社@d1966 | |
| 215 | @a165页@d20cm | |
| 300 | @a中等专业学校教学参考书 | |
| 606 | 0 | @a农业机械 |
| 606 | 0 | @a中小农具 |
| 690 | @aS22@v3 | |
| 711 | 0 | @a天津农业机械制造学校农机教研组@Atian jin nong ye ji xie zhi zao xue xiao nong ji jiao yan zu@4编 |
| 801 | 0 | @aCN@bPFT@c20061123 |
| 905 | @a10447@dS22@e39 | |
| 农业机械概论/天津农业机械制造学校农机教研组 编.-北京:中国工业出版社,1966 |
| 165页;20cm |
| 中等专业学校教学参考书 |
| ISBN :CNY0.65 |
| ● |
| 相关链接 |
|
|
|
|
正题名:农业机械概论
索取号:S22/39
 
预约/预借
| 序号 | 登录号 | 条形码 | 馆藏地/架位号 | 状态 | 备注 |
| 1 | 0017875 | 000717184 | 第二样本阅览室/ [索取号:S22/39] | 在馆 | |
| 2 | 0470538 | 204705382 | 密集书库/ [索取号:S22/39] | 在馆 |